书目信息 |
| 题名: |
巧用摄影滤镜
|
|
| 作者: | ;张益福 译 ;美国柯达公司 编著 | |
| 分册: | ||
| 出版信息: | 杭州 浙江摄影出版社 2000 |
|
| 页数: | 95页 | |
| 开本: | 28cm | |
| 丛书名: | ||
| 单 册: | ||
| 中图分类: | TB851 | |
| 科图分类: | ||
| 主题词: | 摄影--机具 , 摄影--设备 | |
| 电子资源: | ||
| ISBN: | 7-80536-741-8 | |
| 000 | 00717nam0 2200229 450 | |
| 001 | 0760853742 | |
| 005 | 20070727172443.20 | |
| 010 | @a7-80536-741-8@dCNY50.00 | |
| 100 | @a20070725d2000 km y0chiy0120 ea | |
| 101 | 0 | @achi |
| 102 | @aCN@b330000 | |
| 200 | 1 | @a巧用摄影滤镜@Aqiao yong she ying lu jing@f[美国]柯达公司编著@F[mei guo]ke da gong si bian zhu@g张益福译@Gzhang yi fu yi |
| 210 | @a杭州@c浙江摄影出版社@d2000 | |
| 215 | @a95页@d28cm | |
| 300 | @a美国Silver Pixel Press授权出版 | |
| 606 | 0 | @a摄影@x机具 |
| 606 | 0 | @a摄影@x设备 |
| 690 | @aTB851@v3 | |
| 702 | 0 | @a张益福@Azhang yi fu@4译 |
| 711 | 02 | @a美国柯达公司@Amei guo ke da gong si@4编著 |
| 801 | 0 | @aCN@bPFT@c20070727 |
| 905 | @a10447@dTB851@e136 | |
| 巧用摄影滤镜/[美国]柯达公司编著/张益福译.-杭州:浙江摄影出版社,2000 |
| 95页;28cm |
| 美国Silver Pixel Press授权出版 |
| ISBN 7-80536-741-8:CNY50.00 |
| ● |
| 相关链接 |
|
|
|
|
正题名:巧用摄影滤镜
索取号:TB851/136
 
预约/预借
| 序号 | 登录号 | 条形码 | 馆藏地/架位号 | 状态 | 备注 |
| 1 | 0785401 | 207854017 | 第二样本阅览室/ [索取号:TB851/136] | 在馆 | |
| 2 | 0785402 | 207854026 | 第三借阅区/ [索取号:TB851/136] | 在馆 | |
| 3 | 0785403 | 207854035 | 第三借阅区/ [索取号:TB851/136] | 在馆 |